Comprehensive spoken English course with 220 conversatio passages and grammar / (Record no. 172072)

MARC details
000 -LEADER
fixed length control field 00654nam a22001937a 4500
005 - DATE AND TIME OF LATEST TRANSACTION
control field 20200127124451.0
010 ## - LCCN (DPL NO)
LC control number B-731171
020 ## - INTERNATIONAL STANDARD BOOK NUMBER
International Standard Book Number 9789384401993
Terms of availability 295.00
035 ## - SYSTEM CONTROL NUMBER
System control number B-731171
037 ## - SOURCE OF ACQUISITION
Stock number DPL
Source of stock number/acquisition Pigeon
082 ## - DEWEY DECIMAL CLASSIFICATION NUMBER
Classification number 488.24
100 ## - MAIN ENTRY--PERSONAL NAME
Personal name D'Souza, Urban
245 ## - TITLE STATEMENT
Title Comprehensive spoken English course with 220 conversatio passages and grammar /
Remainder of title by Urban D' Souza
260 ## - PUBLICATION, DISTRIBUTION, ETC. (IMPRINT)
Place of publication, distribution, etc New Delhi
Name of publisher, distributor, etc Pigeon Books India
Date of publication, distribution, etc 2019
270 ## - ADDRESS
Address 16, Ansari Road,Daryaganj,
City New Delhi
Postal code 110002
300 ## - PHYSICAL DESCRIPTION
Extent xvi,472p.
Other physical details 22cm(pbk)
942 ## - ADDED ENTRY ELEMENTS (KOHA)
Source of classification or shelving scheme Dewey Decimal Classification
Item type English Books
Classification part 488.24
Call number suffix DSO
Holdings
Withdrawn status Lost status Not for loan Collection code Home library Current library Date acquired Source of acquisition Cost, normal purchase price Full call number Barcode Copy number Cost, replacement price Koha item type
      Non-fiction Kadipur Kadipur 27/01/2020 Gift/ Eng./13.11.2019 295.00 488.24 DSO B-731171 1 295.00 English Books

© Delhi Public Library
Hit Counter
free hit counter